000 00737nam a2200169Ia 4500
003 GCL
008 140319s9999 xx 000 0 ara d
040 _aGCL /
_cGCL
082 0 4 _a811.009
_bا ا
100 1 _aايليا الحاوى
245 1 0 _aاحمد شوقى : امير الشعراء 12الحداثة فى الشعر العربى المعاصر : بيانها ومظاهرها /
_cايليا الحاوى
700 1 _aاحمد شوقى
650 0 4 _aاحمد شوقى
650 0 4 _aالشعر العربى - دواوين وقصائد
650 0 4 _aالشعر العربى - العصر الحديث
942 _2ddc
_cBK
999 _c42184
_d42184